000 00420nam a2200157Ia 4500
008 240729s9999 xx 000 0 und d
022 _a2162-2531
245 0 _aMolecular Therapy: Nucleic Acids
260 _aUnited States
260 _bElsevier
650 _a Therapeutics. Pharmacology
650 _aMedicine
856 _uhttps://doaj.org/toc/586d7fd95e8b40dcaf334148f21f4dea
942 _2ddc
942 _cDOAJEJ
999 _c71343
_d71343
945 _a1
_bMadushi Gamage
_c1
_dMadushi Gamage